[Event "Madrid San Viator op-A 28th"]
[Site "Madrid"]
[Date "2017.04.02"]
[Round "2"]
[White "Lopez Mijail, Nicolas"]
[Black "Juzgado Niella, Angel Luis"]
[Result "1-0"]
[WhiteElo "1836"]
[BlackElo "1625"]
[PlyCount "53"]
[EventDate "2017.03.26"]
[EventType "swiss"]
[EventRounds "9"]
[EventCountry "ESP"]
[SourceTitle "EXT 2018"]
[Source "ChessBase"]
[SourceDate "2017.10.13"]
[SourceVersion "1"]
[SourceVersionDate "2017.10.13"]
[SourceQuality "1"]

1. e4 e5 2. Nf3 Nc6 3. Bb5 Nd4 4. Nxd4 exd4 5. 0-0 c6 6. Bc4 Nf6 7. Re1 d6 8. c3 b5 9. Bb3 Be7 10. Qe2 dxc3 11. bxc3 0-0 12. a4 Qb6 13. axb5 Bg4 14. Qf1 cxb5 15. Na3 a6 16. Nc2 Be6 17. Ba2 Bxa2 18. Rxa2 Nd7 19. Ne3 Nf6 20. Nf5 Rfe8 21. Qd3 Bf8 22. Qf3 d5 23. e5 Ne4 24. d4 f6 25. Qg4 fxe5 26. dxe5 Bc5 27. Qxg7# 1-0